| 000 | 00855nam a22002657a 4500 | ||
|---|---|---|---|
| 005 | 20170124105953.0 | ||
| 010 | _aA-573555 | ||
| 020 |
_a8185671060 _c00.00 |
||
| 035 | h | _aA-573555 | |
| 037 | _bCen Lib/Ret | ||
| 040 |
_aDPL _bEN |
||
| 082 |
_a303.65 _bSYE |
||
| 100 |
_aSyed. A. Ashraf _914062 |
||
| 245 |
_aMediation in Iran-Iraq war / _cby Syed. A. Ashraf |
||
| 246 | _b | ||
| 260 |
_aDelhi _bBhavna Prakashan _c1992 |
||
| 270 |
_a126 Patparganj _bDelhi _e110091 |
||
| 300 |
_a94p. _c21cm(Hb) |
||
| 500 | _aIncludes bibliographical references and appendix | ||
| 650 |
_aMediation, International _914063 |
||
| 650 |
_aIran-Iraq War (1980-1988) _914064 |
||
| 650 |
_aभारतीय अर्थव्यवस्था _93593 |
||
| 650 |
_a औद्योगिक नीति _914065 |
||
| 942 |
_2ddc _cEN _h303.65 _mSYE |
||
| 999 |
_c125390 _d125390 |
||